00871cam a22002417a 4500003000500000005001700005008004100022010001000063011001000073035001000083040000900093100003800102245017500140260004100315300003000356502007700386650003500463650002300498650002100521650002600542650002300568700003800591CHAP20220329142551.0011128d2001 mx ad r 00110 spa d a85030 a86002 a96540 cCHAP00aHerrera Hernández, Juan Carlos.10aProducción del cultivo de rosal (Rosa sp.) a raíz desnuda, en la región de Silao, Guanajuatoc/por Juan Carlos Herrera Hernández y José Concepción Zenil Rubio aChapingo, Méx. :bEl autor,c2001. a141 h. :bilus. ; cuadros aTesis (Ing. Agr. Esp. en Fitotecnia) -- UACH. Departamento de Fitotecnia14aRosasxCostos de producción.14aRosasxGuanajuato.14aRosasxInjertos.14aRosasxPropagación.14aRosasxVariedades.0 aZenil Rubio, José Concepción.